Bharat ki pramanu niti aur Bharat-America sambandh (Record no. 23678)

MARC details
000 -LEADER
fixed length control field 00431nam a2200157Ia 4500
008 - FIXED-LENGTH DATA ELEMENTS--GENERAL INFORMATION
fixed length control field 230917s9999||||xx |||||||||||||| ||und||
040 ## - CATALOGING SOURCE
-- 241837
Original cataloging agency VIVEKANANDA LIBRARY
041 ## - Language
-- English
082 ## - DDC NUMBER
Classification number 327.54073 P13B
100 ## - MAIN ENTRY--PERSONAL NAME
Personal name Padam Singh
245 #0 - TITLE STATEMENT
Title Bharat ki pramanu niti aur Bharat-America sambandh
260 ## - PUBLICATION, DISTRIBUTION, ETC. (IMPRINT)
Place of publication, distribution, etc New Delhi
Name of publisher, distributor, etc Arjun Publishing House
Date of publication, distribution, etc 2017
300 ## - PHYSICAL DESCRIPTION
Pages 320 p.
500 ## - GENERAL NOTE
General note 2833 29/08/2017 Main Budget
942 ## - ADDED ENTRY ELEMENTS (KOHA)
Koha item type Books
Holdings
Withdrawn status Lost status Damaged status Not for loan Location (home branch) Sublocation or collection (holding branch) Date acquired Koha issues (times borrowed) Koha full call number Accession No. Koha date last seen Koha item type
        VIVEKANANDA LIBRARY VIVEKANANDA LIBRARY 23/04/2018 1 327.54073 P13B 362646 27/01/2024 Books
        VIVEKANANDA LIBRARY VIVEKANANDA LIBRARY 23/04/2018 1 327.54073 P13B 363356 14/10/2023 Books
        VIVEKANANDA LIBRARY VIVEKANANDA LIBRARY 23/04/2018   327.54073 P13B 363357 17/09/2023 Books
        VIVEKANANDA LIBRARY VIVEKANANDA LIBRARY 23/04/2018   327.54073 P13B 363358 17/09/2023 Books
        VIVEKANANDA LIBRARY VIVEKANANDA LIBRARY 23/04/2018   327.54073 P13B 363359 17/09/2023 Books
© Designed and Maintained by Vivekananda Library, MDU Rohtak